<?xml version="1.0" encoding="UTF-8"?>
<record
    xmlns:xsi="http://www.w3.org/2001/XMLSchema-instance"
    xsi:schemaLocation="http://www.loc.gov/MARC21/slim http://www.loc.gov/standards/marcxml/schema/MARC21slim.xsd"
    xmlns="http://www.loc.gov/MARC21/slim">

  <leader>01869nam0a2200349   4500</leader>
  <controlfield tag="001">RU\NLR\bibl\1324731</controlfield>
  <controlfield tag="005">20260406025753.0</controlfield>
  <datafield tag="010" ind1=" " ind2=" ">
    <subfield code="a">5-87994-109-4</subfield>
    <subfield code="9">90000</subfield>
  </datafield>
  <datafield tag="035" ind1=" " ind2=" ">
    <subfield code="a">(NLR Aleph) 001310043</subfield>
  </datafield>
  <datafield tag="090" ind1=" " ind2=" ">
    <subfield code="a">673707</subfield>
    <subfield code="c">673707</subfield>
  </datafield>
  <datafield tag="100" ind1=" " ind2=" ">
    <subfield code="a">20090204d1995    |||y0rusy50      ca</subfield>
  </datafield>
  <datafield tag="101" ind1="0" ind2=" ">
    <subfield code="a">rus</subfield>
  </datafield>
  <datafield tag="102" ind1=" " ind2=" ">
    <subfield code="a">RU</subfield>
  </datafield>
  <datafield tag="105" ind1=" " ind2=" ">
    <subfield code="a">c   |||||||||</subfield>
  </datafield>
  <datafield tag="200" ind1="1" ind2=" ">
    <subfield code="a">&#x41F;&#x43E;&#x43A;&#x443;&#x434;&#x430; &#x435;&#x441;&#x442;&#x44C; &#x420;&#x43E;&#x441;&#x441;&#x438;&#x44F;</subfield>
    <subfield code="e">[&#x440;&#x43E;&#x43C;&#x430;&#x43D;]</subfield>
    <subfield code="f">&#x411;.&#x415;. &#x422;&#x443;&#x43C;&#x430;&#x441;&#x43E;&#x432;</subfield>
  </datafield>
  <datafield tag="210" ind1=" " ind2=" ">
    <subfield code="a">&#x41C;&#x43E;&#x441;&#x43A;&#x432;&#x430;</subfield>
    <subfield code="c">&#x410;&#x420;&#x41C;&#x410;&#x414;&#x410;</subfield>
    <subfield code="d">1995</subfield>
  </datafield>
  <datafield tag="215" ind1=" " ind2=" ">
    <subfield code="a">597, [2] &#x441;.</subfield>
    <subfield code="c">&#x43F;&#x43E;&#x440;&#x442;&#x440;.</subfield>
    <subfield code="d">21</subfield>
  </datafield>
  <datafield tag="225" ind1="1" ind2=" ">
    <subfield code="a">&#x420;&#x43E;&#x43C;&#x430;&#x43D;&#x43E;&#x432;&#x44B;. &#x414;&#x438;&#x43D;&#x430;&#x441;&#x442;&#x438;&#x44F; &#x432; &#x440;&#x43E;&#x43C;&#x430;&#x43D;&#x430;&#x445;</subfield>
    <subfield code="i">&#x410;&#x43B;&#x435;&#x43A;&#x441;&#x430;&#x43D;&#x434;&#x440; II</subfield>
    <subfield code="f">&#x441;&#x43E;&#x441;&#x442;. &#x418;.&#x412;. &#x41D;&#x43E;&#x432;&#x438;&#x43A;&#x43E;&#x432;</subfield>
  </datafield>
  <datafield tag="300" ind1=" " ind2=" ">
    <subfield code="a">&#x41D;&#x430; &#x43E;&#x431;&#x43B;. &#x438; &#x441;&#x443;&#x43F;&#x435;&#x440;&#x43E;&#x431;&#x43B;. &#x442;&#x43E;&#x43B;&#x44C;&#x43A;&#x43E; &#x437;&#x430;&#x433;&#x43B;. &#x441;&#x435;&#x440;.</subfield>
  </datafield>
  <datafield tag="300" ind1=" " ind2=" ">
    <subfield code="a">&#x41D;&#x430; 585 &#x441;. &#x430;&#x432;&#x442;.: &#x41A;&#x440;&#x430;&#x441;&#x43D;&#x43E;&#x432; &#x41F;.&#x41D;. - &#x433;&#x435;&#x43D;&#x435;&#x440;&#x430;&#x43B;-&#x43B;&#x435;&#x439;&#x442;&#x435;&#x43D;&#x430;&#x442; &#x446;&#x430;&#x440;&#x441;&#x43A;&#x43E;&#x439; &#x430;&#x440;&#x43C;&#x438;&#x438;.</subfield>
  </datafield>
  <datafield tag="320" ind1=" " ind2=" ">
    <subfield code="a">&#x414;&#x440;. &#x440;&#x430;&#x431;&#x43E;&#x442;&#x44B; &#x430;&#x432;&#x442;.: &#x441;. 579, 585-586</subfield>
  </datafield>
  <datafield tag="423" ind1=" " ind2="0">
    <subfield code="1">2001#$a&#x426;&#x430;&#x440;&#x435;&#x443;&#x431;&#x438;&#x439;&#x446;&#x44B;$e[&#x440;&#x43E;&#x43C;&#x430;&#x43D;]$f&#x41F;.&#x41D;. &#x41A;&#x440;&#x430;&#x441;&#x43D;&#x43E;&#x432;$g[&#x41A; &#x441;&#x431;. &#x432; &#x446;&#x435;&#x43B;&#x43E;&#x43C;: &#x43A;&#x43E;&#x43C;&#x43C;&#x435;&#x43D;&#x442;. &#x41B;.&#x41A;. &#x41E;&#x441;&#x438;&#x43F;&#x43E;&#x432;&#x43E;&#x439;]</subfield>
    <subfield code="1">700#1$3RU\NLR\auth\7745291$a&#x41A;&#x440;&#x430;&#x441;&#x43D;&#x43E;&#x432;$b&#x41F;. &#x41D;.$c&#x432;&#x43E;&#x435;&#x43D;. &#x434;&#x435;&#x44F;&#x442;&#x435;&#x43B;&#x44C;, &#x43F;&#x438;&#x441;&#x430;&#x442;&#x435;&#x43B;&#x44C;$f1869-1947$g&#x41F;&#x435;&#x442;&#x440; &#x41D;&#x438;&#x43A;&#x43E;&#x43B;&#x430;&#x435;&#x432;&#x438;&#x447;$4070</subfield>
    <subfield code="1">210##$a&#x41C;&#x43E;&#x441;&#x43A;&#x432;&#x430;$d1995</subfield>
    <subfield code="1">215##$a&#x421;. 259-578</subfield>
    <subfield code="t">&#x426;&#x430;&#x440;&#x435;&#x443;&#x431;&#x438;&#x439;&#x446;&#x44B;</subfield>
    <subfield code="a">&#x41A;&#x440;&#x430;&#x441;&#x43D;&#x43E;&#x432;, &#x41F;&#x435;&#x442;&#x440; &#x41D;&#x438;&#x43A;&#x43E;&#x43B;&#x430;&#x435;&#x432;&#x438;&#x447; (&#x432;&#x43E;&#x435;&#x43D;. &#x434;&#x435;&#x44F;&#x442;&#x435;&#x43B;&#x44C;, &#x43F;&#x438;&#x441;&#x430;&#x442;&#x435;&#x43B;&#x44C; ; 1869-1947)</subfield>
  </datafield>
  <datafield tag="600" ind1=" " ind2="0">
    <subfield code="a">&#x410;&#x43B;&#x435;&#x43A;&#x441;&#x430;&#x43D;&#x434;&#x440;</subfield>
    <subfield code="c">&#x438;&#x43C;&#x43F;&#x435;&#x440;&#x430;&#x442;&#x43E;&#x440; &#x440;&#x43E;&#x441;&#x441;&#x438;&#x439;&#x441;&#x43A;&#x438;&#x439;</subfield>
    <subfield code="d">II</subfield>
    <subfield code="f">1818 - 1881</subfield>
    <subfield code="x">&#x432; &#x445;&#x443;&#x434;&#x43E;&#x436;&#x435;&#x441;&#x442;&#x432;&#x435;&#x43D;&#x43D;&#x43E;&#x439; &#x43B;&#x438;&#x442;&#x435;&#x440;&#x430;&#x442;&#x443;&#x440;&#x435;</subfield>
    <subfield code="9">923635</subfield>
    <subfield code="3">RU\NLR\AUTH\6620184</subfield>
  </datafield>
  <datafield tag="686" ind1=" " ind2=" ">
    <subfield code="a">&#x428;6(2=&#x420;)-94</subfield>
  </datafield>
  <datafield tag="700" ind1=" " ind2="1">
    <subfield code="4">070</subfield>
    <subfield code="8">rus</subfield>
    <subfield code="7">ca</subfield>
    <subfield code="a">&#x422;&#x443;&#x43C;&#x430;&#x441;&#x43E;&#x432;</subfield>
    <subfield code="b">&#x411;.&#x415;.</subfield>
    <subfield code="f">1926-</subfield>
    <subfield code="g">&#x411;&#x43E;&#x440;&#x438;&#x441; &#x415;&#x432;&#x433;&#x435;&#x43D;&#x44C;&#x435;&#x432;&#x438;&#x447;</subfield>
    <subfield code="3">RU\NLR\auth\77231</subfield>
    <subfield code="9">110290</subfield>
  </datafield>
  <datafield tag="801" ind1=" " ind2="0">
    <subfield code="a">RU</subfield>
    <subfield code="b">NLR</subfield>
    <subfield code="c">20090204</subfield>
    <subfield code="g">RCR</subfield>
  </datafield>
  <datafield tag="801" ind1=" " ind2="1">
    <subfield code="a">RU</subfield>
    <subfield code="b">NLR</subfield>
    <subfield code="c">20090204</subfield>
  </datafield>
  <datafield tag="942" ind1=" " ind2=" ">
    <subfield code="c">BOOK</subfield>
  </datafield>
  <datafield tag="980" ind1=" " ind2=" ">
    <subfield code="a">NB</subfield>
  </datafield>
  <datafield tag="995" ind1=" " ind2=" ">
    <subfield code="5">2009-02-04</subfield>
    <subfield code="a">az</subfield>
    <subfield code="b">NLR01</subfield>
    <subfield code="c">NLR01</subfield>
    <subfield code="e">RF9</subfield>
    <subfield code="f">2844093</subfield>
    <subfield code="k">2009-3/2853</subfield>
    <subfield code="o">0</subfield>
    <subfield code="r">BOOK</subfield>
    <subfield code="s">200932853_</subfield>
  </datafield>
  <datafield tag="995" ind1=" " ind2=" ">
    <subfield code="5">2015-07-30</subfield>
    <subfield code="a">au</subfield>
    <subfield code="b">NLR03</subfield>
    <subfield code="c">NLR03</subfield>
    <subfield code="e">UJZ</subfield>
    <subfield code="f">1-161082</subfield>
    <subfield code="k">&#x42E; &#x421;/&#x422;-93</subfield>
    <subfield code="o">0</subfield>
    <subfield code="r">BOOK</subfield>
    <subfield code="s">_93</subfield>
  </datafield>
</record>
